Missing Word: Tara Strong (A-Z) Quiz Stats

Quiz not verified by Sporcle

Challenge
Share
Tweet
Embed
Score 0/26 Timer 04:00
0 Plays Today
Cartoon Missing Word % Correct
The Fairly ____OddParents
93.6%
____ 10Ben
92.3%
The ____ Tunes ShowLooney
90.4%
Codename: Kids ____ DoorNext
88.5%
Lilo & ____: The SeriesStitch
88.5%
The ____ GirlsPowerpuff
87.2%
All Grown ____!Up
87.2%
My Little Pony: ____ Is MagicFriendship
84%
Foster's Home for ____ FriendsImaginary
82.1%
Teen ____Titans
81.4%
____ Lazlo!Camp
75.6%
The Real Adventures of Jonny ____Quest
74.4%
____ JusticeYoung
73.1%
Cartoon Missing Word % Correct
American Dragon: ____ LongJake
72.4%
The Super ____ Squad ShowHero
70.5%
The New Batman ____Adventures
68.6%
Hello ____ Furry Tale TheaterKitty's
66%
____ TogetherDrawn
64.7%
The Kids from ____ 402Room
64.7%
Wow! Wow! ____!Wubbzy
60.3%
The Buzz on ____Maggie
46.8%
____ ShowdownXiaolin
45.5%
The ____ ProjectZeta
43%
Dan ____Vs.
39.1%
____ Boy & HeatherGadget
27.6%
____ CityElectric
23.7%

You're not logged in!

Compare scores with friends on all Sporcle quizzes.
Join for Free
OR
Log In

You Might Also Like...

Show Comments

Extras

Top Quizzes Today


Score Distribution

Your Account Isn't Verified!

In order to create a playlist on Sporcle, you need to verify the email address you used during registration. Go to your Sporcle Settings to finish the process.

Report this User

Report this user for behavior that violates our Community Guidelines.

Details: